Lástima que estaba muerto

Збережено в:
Бібліографічні деталі
Автор: Mainé, Margarita (autora)
Формат: Книга
Мова:Іспанська
Опубліковано: Bogotá Norma 2000
Серія:Zona Libre
Предмети:
Теги: Додати тег
Немає тегів, Будьте першим, хто поставить тег для цього запису!

MARC

LEADER 00000nam a2200000 a 4500
001 UCH9434
003 CL-VaPUC
008 100107e20000300CK |||||||||||||||||spa|d
020 |a 9580446997 
082 0 4 |a Ar863  |b MAI  |2 21 
100 |a Mainé, Margarita  |e autora  |9 546527 
245 1 0 |a Lástima que estaba muerto 
300 |a 210 p 
942 |c BK 
945 |d 20100107 00:00:00  |a dcastane 
260 |a Bogotá  |b Norma  |c 2000 
650 0 |a Literatura argentina  |9 320596 
650 0 |a Literatura juvenil   |9 309909 
583 |a last modification  |c 20100107 00:00:00  |k Rodrigo Vera 
490 0 |a Zona Libre 
999 |c 339402  |d 339400